Meeting the low carbon skills challenge (Record no. 110954)

MARC details
000 -LEADER
fixed length control field 00963cad a22002055a 4500
001 - CONTROL NUMBER
control field E150714
008 - FIXED-LENGTH DATA ELEMENTS--GENERAL INFORMATION
fixed length control field 100823s2010 xxk f 000 0 eng d
035 ## - SYSTEM CONTROL NUMBER
System control number (Sirsi) u150714
041 0# - LANGUAGE CODE
Language code of text/sound track or separate title eng
110 2# - MAIN ENTRY--CORPORATE NAME
Corporate name or jurisdiction name as entry element United Kingdom
Subordinate unit Department for Business, Innovation and Skills
9 (RLIN) 5760
245 00 - TITLE STATEMENT
Title Meeting the low carbon skills challenge
Medium [electronic resource]
260 ## - PUBLICATION, DISTRIBUTION, ETC.
Place of publication, distribution, etc. London
Name of publisher, distributor, etc. Department of Energy and Climate Change
Date of publication, distribution, etc. 2010
520 ## - SUMMARY, ETC.
Summary, etc. Seeks views on proposed actions to spread good practice in low carbon skills development. Deadline for comments is 23 June 2010.
590 ## - LOCAL NOTE (RLIN)
Local note KA
651 #4 - SUBJECT ADDED ENTRY--GEOGRAPHIC NAME
Geographic name England
Chronological subdivision 886-
690 ## - LOCAL SUBJECT ADDED ENTRY--TOPICAL TERM (OCLC, RLIN)
Topical term or geographic name as entry element ENVIRONMENTAL AND LAND CONSULTANCY-ENERGY-ENERGY USE-ENERGY EFFICIENCY
710 1# - ADDED ENTRY--CORPORATE NAME
Corporate name or jurisdiction name as entry element United Kingdom
Subordinate unit Department of Energy and Climate Change
9 (RLIN) 5850
856 40 - ELECTRONIC LOCATION AND ACCESS
Uniform Resource Identifier <a href="https://www.bis.gov.uk/assets/biscore/corporate/docs/l/10-849-low-carbon-skills-consultation.pdf">https://www.bis.gov.uk/assets/biscore/corporate/docs/l/10-849-low-carbon-skills-consultation.pdf</a>
Public note View the consultation free of charge at www.bis.gov.uk
942 ## - ADDED ENTRY ELEMENTS (KOHA)
Suppress in OPAC 0
Holdings
Withdrawn status Lost status Source of classification or shelving scheme Damaged status Not for loan Home library Current library Shelving location Date acquired Total Checkouts Full call number Barcode Date last seen Copy number Price effective from Koha item type
    Dewey Decimal Classification     Virtual Virtual Online 23/08/2010   ONLINE PUBLICATION 150714-2001 06/08/2019 1 06/08/2019 Book